[Event "Montevideo Duchamp Cup 3rd"]
[Site "Montevideo"]
[Date "2019.02.10"]
[Round "3"]
[White "Araujo, Daniel"]
[Black "Lanzilotta, Filippo"]
[Result "1-0"]
[WhiteElo "1500"]
[BlackElo "1171"]
[PlyCount "91"]
[EventDate "2019.02.09"]
[EventType "swiss"]
[EventRounds "9"]
[EventCountry "URU"]
[SourceTitle "CBM 188 Extra"]
[Source "ChessBase"]
[SourceDate "2019.02.28"]
[SourceVersion "1"]
[SourceVersionDate "2019.02.28"]
[SourceQuality "1"]

1. d4 d5 2. c4 c6 3. cxd5 cxd5 4. Nc3 Nf6 5. g3 Bf5 6. Bg2 e6 7. Bf4 Bb4 8. Bxb8 Rxb8 9. Qa4+ Qd7 10. Qxb4 Qe7 11. Qxe7+ Kxe7 12. Nf3 Rhc8 13. 0-0 Ne4 14. Rac1 Bg4 15. Nxe4 dxe4 16. Ne5 Bxe2 17. Rfe1 f6 18. Rxc8 Rxc8 19. Rxe2 Rc1+ 20. Bf1 fxe5 21. dxe5 Ra1 22. a3 Rb1 23. Rxe4 Rxb2 24. Rb4 Rxb4 25. axb4 Kf7 26. f4 h6 27. Kf2 g5 28. Bg2 b6 29. b5 g4 30. Ke3 Kg7 31. h3 h5 32. Bf1 Kf7 33. hxg4 hxg4 34. Be2 Kg6 35. Bxg4 Kf7 36. Ke4 Ke7 37. f5 exf5+ 38. Kxf5 Kf7 39. e6+ Ke7 40. Bh5 Kf8 41. Kf6 Kg8 42. Bf7+ Kh7 43. e7 Kh6 44. e8Q Kh7 45. Qg8+ Kh6 46. Qg6# 1-0

[Event "American Continental 14th"]
[Site "Montevideo"]
[Date "2018.06.08"]
[Round "9"]
[White "Barandiaran, Gabriel"]
[Black "Araujo, Daniel"]
[Result "1-0"]
[WhiteElo "1882"]
[BlackElo "1529"]
[PlyCount "107"]
[EventDate "2018.06.01"]
[EventType "swiss"]
[EventRounds "11"]
[EventCountry "URU"]
[SourceTitle "CBM 184 Extra"]
[Source "ChessBase"]
[SourceDate "2018.06.28"]
[SourceVersion "1"]
[SourceVersionDate "2018.06.28"]
[SourceQuality "1"]

1. e4 e5 2. Bc4 Nc6 3. d3 Nf6 4. c3 Na5 5. Nd2 Nxc4 6. Nxc4 d6 7. Nf3 b5 8. Ne3 Be7 9. a4 bxa4 10. Qxa4+ Bd7 11. Qc2 0-0 12. 0-0 Re8 13. Nc4 Bb5 14. b3 Nd7 15. Ne3 Nc5 16. Rd1 Ne6 17. Nd5 Bd7 18. Be3 c6 19. Nxe7+ Qxe7 20. Rxa7 Rxa7 21. Bxa7 c5 22. Bb6 Ra8 23. d4 Ra6 24. dxc5 dxc5 25. Nxe5 Nf8 26. Nc4 Bb5 27. Bd8 Qe6 28. Ne3 f6 29. Nd5 Qg4 30. f3 Qg5 31. Bc7 Ne6 32. Bg3 c4 33. Qe2 Ra3 34. bxc4 Ba4 35. Rb1 Bb3 36. Qb2 Ra2 37. Qxb3 Qd2 38. Ne3 Qxe3+ 39. Kh1 Qe2 40. Rg1 Rb2 41. Qa4 Rd2 42. Qe8+ Nf8 43. c5 Rd1 44. h3 Rxg1+ 45. Kxg1 Qe3+ 46. Bf2 Qxc3 47. c6 Qa1+ 48. Kh2 Qa4 49. Bc5 h6 50. Qxf8+ Kh7 51. c7 Qa1 52. Qd6 Qa8 53. Qd5 Qc8 54. Qf5+ 1-0

[Event "Montevideo Andrea Memorial 3rd"]
[Site "Montevideo"]
[Date "2018.05.24"]
[Round "6"]
[White "Araujo, Daniel"]
[Black "Diano, Gabriel"]
[Result "0-1"]
[WhiteElo "1541"]
[BlackElo "1866"]
[PlyCount "35"]
[EventDate "2018.05.08"]
[EventType "swiss"]
[EventRounds "6"]
[EventCountry "URU"]
[SourceTitle "CBM 184 Extra"]
[Source "ChessBase"]
[SourceDate "2018.06.28"]
[SourceVersion "1"]
[SourceVersionDate "2018.06.28"]
[SourceQuality "1"]

1. d4 Nf6 2. c4 e5 3. dxe5 Ne4 4. Nf3 d6 5. Nbd2 Nc5 6. g3 Nc6 7. exd6 Bxd6 8. Bg2 0-0 9. b3 Qf6 10. Rb1 Bf5 11. Bb2 Qe7 12. Rc1 Nd3+ 13. Kf1 Nxb2 14. Qe1 Bb4 15. Nh4 Bg6 16. Bd5 Qf6 17. e4 Nd3 18. Qd1 0-1

[Event "Montevideo Andrea Memorial 3rd"]
[Site "Montevideo"]
[Date "2018.05.08"]
[Round "1"]
[White "De los Reyes, Mauro"]
[Black "Araujo, Daniel"]
[Result "1-0"]
[WhiteElo "1882"]
[BlackElo "1541"]
[PlyCount "43"]
[EventDate "2018.05.08"]
[EventType "swiss"]
[EventRounds "6"]
[EventCountry "URU"]
[SourceTitle "CBM 184 Extra"]
[Source "ChessBase"]
[SourceDate "2018.06.28"]
[SourceVersion "1"]
[SourceVersionDate "2018.06.28"]
[SourceQuality "1"]

1. e4 e5 2. Nf3 Nc6 3. Bc4 Bc5 4. c3 Nf6 5. d3 0-0 6. 0-0 d5 7. exd5 Nxd5 8. b4 Be7 9. b5 Na5 10. Bxd5 Qxd5 11. c4 Qe6 12. Bb2 Bf6 13. Re1 Rd8 14. Bxe5 Bxe5 15. Rxe5 Qf6 16. Qe2 Bg4 17. Nbd2 c6 18. Re1 h6 19. Qe3 b6 20. Ne4 Qg6 21. Nh4 Qh7 22. Ng5 1-0

[Event "Montevideo Noches de Misterio op"]
[Site "Montevideo"]
[Date "2018.04.25"]
[Round "2"]
[White "Carbone, Pablo"]
[Black "Araujo, Daniel"]
[Result "1-0"]
[WhiteElo "1902"]
[BlackElo "1541"]
[PlyCount "41"]
[EventDate "2018.04.18"]
[EventType "swiss"]
[EventRounds "6"]
[EventCountry "URU"]
[SourceTitle "CBM 184 Extra"]
[Source "ChessBase"]
[SourceDate "2018.06.28"]
[SourceVersion "1"]
[SourceVersionDate "2018.06.28"]
[SourceQuality "1"]

1. e4 e5 2. Nf3 Nc6 3. Bc4 Bc5 4. c3 Nf6 5. d3 d6 6. b4 Bb6 7. Bg5 Bg4 8. Nbd2 h6 9. Bh4 g5 10. Bg3 a6 11. Qb3 Qd7 12. a4 Nh5 13. a5 Ba7 14. b5 axb5 15. Bxb5 Be6 16. Qa4 f6 17. d4 d5 18. dxe5 dxe4 19. Nd4 0-0-0 20. a6 bxa6 21. Qxa6+ 1-0

[Event "URU-chTB"]
[Site "Uruguay"]
[Date "2017.07.08"]
[Round "3.2"]
[White "Araujo, Daniel"]
[Black "Figueroa, Alfonso"]
[Result "0-1"]
[WhiteElo "1578"]
[BlackElo "1821"]
[PlyCount "86"]
[EventDate "2017.07.07"]
[EventType "team-swiss"]
[EventRounds "5"]
[EventCountry "URU"]
[SourceTitle "EXT 2018"]
[Source "ChessBase"]
[SourceDate "2017.10.13"]
[SourceVersion "1"]
[SourceVersionDate "2017.10.13"]
[SourceQuality "1"]
[WhiteTeam "LP Zugzwang"]
[BlackTeam "LP Vladivostok"]
[WhiteTeamCountry "URU"]
[BlackTeamCountry "URU"]

1. d4 d5 2. c4 e6 3. Nc3 Nf6 4. Nf3 c6 5. Bf4 Bd6 6. Bxd6 Qxd6 7. c5 Qc7 8. e3 Nbd7 9. Bd3 0-0 10. 0-0 e5 11. dxe5 Nxe5 12. Nxe5 Qxe5 13. f4 Qxe3+ 14. Kh1 Qxc5 15. Rc1 Qd6 16. f5 Bd7 17. Ne2 Ng4 18. Ng3 Ne3 19. Qh5 Nxf1 20. Rxf1 f6 21. Qg4 Be8 22. Re1 Bf7 23. Nh5 Bxh5 24. Qxh5 Qf4 25. h3 Qd2 26. Rd1 Qg5 27. Qf3 Rfe8 28. Qf2 Qe3 29. Qc2 Qg3 30. Qd2 Re7 31. Rf1 Rae8 32. b4 Re1 33. b5 Rxf1+ 34. Bxf1 Re1 35. Kg1 Qe3+ 36. Qxe3 Rxe3 37. bxc6 bxc6 38. Ba6 c5 39. Kf2 Ra3 40. Bb7 d4 41. Ke2 Rxa2+ 42. Kd3 Ra3+ 43. Kc4 Rc3+ 0-1

[Event "Montevideo Duchamp Cup 1st"]
[Site "Montevideo"]
[Date "2017.02.12"]
[Round "5"]
[White "De la Torre, Andres"]
[Black "Araujo, Daniel"]
[Result "1/2-1/2"]
[WhiteElo "1692"]
[BlackElo "1594"]
[PlyCount "42"]
[EventDate "2017.02.09"]
[EventType "swiss"]
[EventRounds "9"]
[EventCountry "URU"]
[SourceTitle "CBM 176 Extra"]
[Source "ChessBase"]
[SourceDate "2017.03.02"]
[SourceVersion "1"]
[SourceVersionDate "2017.03.02"]
[SourceQuality "1"]

1. e4 e6 2. d4 d5 3. exd5 exd5 4. Nf3 Nf6 5. Bd3 Be7 6. 0-0 0-0 7. Nc3 Be6 8. Ne2 Ne4 9. Nd2 f5 10. Nf4 Qd6 11. Nxe6 Qxe6 12. f3 Nd6 13. Re1 Qf7 14. Nf1 Nd7 15. Bd2 Rae8 16. Bb4 Qf6 17. Bxd6 Qxd4+ 18. Kh1 Bxd6 19. Rxe8 Rxe8 20. Bxf5 Qxd1 21. Rxd1 Nf6 1/2-1/2

[Event "URU-chT Interclubes Serie B"]
[Site "Montevideo"]
[Date "2016.09.24"]
[Round "4.42"]
[White "Araujo, Daniel"]
[Black "Hernandez, Rafael"]
[Result "0-1"]
[WhiteElo "1530"]
[BlackElo "1858"]
[PlyCount "43"]
[EventDate "2016.09.23"]
[EventType "swiss"]
[EventRounds "5"]
[EventCountry "URU"]
[SourceTitle "EXT 2024"]
[Source "ChessBase"]
[SourceDate "2023.10.10"]
[SourceVersion "1"]
[SourceVersionDate "2023.10.10"]
[SourceQuality "1"]

1. d4 Nf6 2. c4 g6 3. Nf3 Bg7 4. Nc3 d6 5. Bf4 0-0 6. e4 c5 7. e5 dxe5 8. dxe5 Nh5 9. Be3 Nc6 10. g4 Qxd1+ 11. Rxd1 Bxg4 12. Be2 Bxf3 13. Bxf3 Nxe5 14. Bxb7 Rab8 15. Bg2 Rxb2 16. 0-0 Nxc4 17. Bxc5 Bxc3 18. Rc1 Nd2 19. Rfd1 Ba5 20. Bxe7 Re8 21. Bg5 Rxa2 22. Rc3 0-1

[Event "URU-chT Interclubes Serie B"]
[Site "Montevideo"]
[Date "2016.09.24"]
[Round "3.82"]
[White "Ruiz, Ulises"]
[Black "Araujo, Daniel"]
[Result "1/2-1/2"]
[WhiteElo "1627"]
[BlackElo "1530"]
[PlyCount "74"]
[EventDate "2016.09.23"]
[EventType "swiss"]
[EventRounds "5"]
[EventCountry "URU"]
[SourceTitle "EXT 2024"]
[Source "ChessBase"]
[SourceDate "2023.10.10"]
[SourceVersion "1"]
[SourceVersionDate "2023.10.10"]
[SourceQuality "1"]

1. d4 d5 2. c4 e6 3. Nc3 Nf6 4. Bg5 Nbd7 5. e3 Be7 6. Bd3 dxc4 7. Bxc4 c6 8. Nf3 0-0 9. 0-0 Re8 10. h3 b5 11. Bd3 Bb7 12. a3 Rc8 13. b4 a6 14. Ne4 Nxe4 15. Bxe7 Qxe7 16. Bxe4 Nf6 17. Bd3 Nd7 18. Rc1 Red8 19. Qc2 h6 20. Qb3 e5 21. dxe5 Nxe5 22. Nxe5 Qxe5 23. Rfd1 Rd6 24. Be2 c5 25. Rxd6 Qxd6 26. Rd1 Qe7 27. Bg4 c4 28. Qc3 Rd8 29. Rxd8+ Qxd8 30. Be2 Be4 31. f3 Bd3 32. Kf1 Qd6 33. f4 Qg6 34. g4 Qe4 35. Bxd3 Qf3+ 36. Ke1 Qxe3+ 37. Kd1 cxd3 1/2-1/2